00842 a2200217 4500999001500000010001400015020002300029035001300052037001400065082001100079245008800090260006700178300005300245520009700298650001300395650003300408700002400441700001700465942003000482952011200512 c4475d4475 aENG-86322 a8172148542c125.00 aEN-69855 bDBAD/ PUB14a280.661 aEmerging mission :bCMC/IEM report, Bangaloreced. by Mark Oxbrow [and] Emma Garrow aDelhi bIndian Society for Promoting Christian Knowledgec2005 axi, 135 p.,[8] p. of platesbill. c23 cm. (Pbk) aContributed research papers presented at a consultation in Bangalore, India in November 2004 0aMissions 0aMissionsxStudy and teaching1 aOxbrow, Markd1971-1 aGarrow, Emma adplcEN2ddch280.66mEME 001040718NFICaDBADbDBADeDBAD/PUBg125.00l0o280.66 EMEpEN-69855r2008-09-15 00:00:00t1v125.00yEN